00781nam a2200193 a 4500003000200000005001700002008004100019050002900060100001900089245008600108260009000194300004000284504004100324650005600365650003400421650005200455650003600507650004400543020250224111847.0101112s19uu xx 00 eng d aPHS DS 922.43b.An1 2010 aAn, Hyung Jun. aThe role of students in democratization of South Korean politics /cHyung Jun An. aLas Piñas City, Philippines :bSouthville International School and Colleges,c2010. a25 pages :billustrations ;c30 cm. aIncludes bibliographical references. aSouth KoreaxPolitics and governmentv20th century. aDemocratizationzSouth Korea. aPolitical participationxStudentszSouth Korea. aStudent movementszSouth Korea. aYouthxPolitical activityzSouth Korea.